00967cam a2200289 a 450000100090000000300040000900500170001300800410003001000170007102000150008802500270010303500210013003700600015104000190021104200100023004300120024005000240025208200170027610000220029324501000031526000330041530000100044850400660045852000970052470000230062170000330064412516571OSt20200609110448.0010630s2000 ii b 101 0 eng  a 2001362908 a8173043817 aI-E-2001-362908; 62-92 a(DLC) 200136290 bLibrary of Congress -- New Delhi Field OfficecRs600.00 aDLCcoclcdDLC alcode aa-ii---00aDS480.84b.P65 200000a325.3bDAM/P aDamodaran, Vinita00aPostcolonial India :bhistory, politics, and culture /cVinita Damodaran ; Maya Unnithan-Kumar. aNew Delhi :bManohar,c2000. a375 p aIncludes bibliographical references (p. [353]-364) and index. aPapers, originally presented at an international conference held at Sussex, England in 1997.1 aDamodaran, Vinita.1 aUnnithan-Kumar, Maya,d1961-